कन्या भूण का शाप (Record no. 15821)

MARC details
000 -LEADER
fixed length control field 00537nam a2200169Ia 4500
008 - FIXED-LENGTH DATA ELEMENTS--GENERAL INFORMATION
fixed length control field 230917s9999||||xx |||||||||||||| ||und||
020 ## - ISBN
Price RS150
040 ## - CATALOGING SOURCE
-- 227819
Original cataloging agency VIVEKANANDA LIBRARY
041 ## - Language
-- English
082 ## - DDC NUMBER
Classification number 891.43274108 MK264K
100 ## - MAIN ENTRY--PERSONAL NAME
Personal name मधकान्त
245 #0 - TITLE STATEMENT
Title कन्या भूण का शाप
260 ## - PUBLICATION, DISTRIBUTION, ETC. (IMPRINT)
Place of publication, distribution, etc नई दिल्लीi
Name of publisher, distributor, etc नवशिला प्रकाशन
Date of publication, distribution, etc 2009
300 ## - PHYSICAL DESCRIPTION
Pages 111 पृ. p.
500 ## - GENERAL NOTE
General note 2094 26/08/2015 HBD15/613 27/08/2015 Centre for Haryana Studies
942 ## - ADDED ENTRY ELEMENTS (KOHA)
Koha item type Books
Holdings
Withdrawn status Lost status Damaged status Not for loan Location (home branch) Sublocation or collection (holding branch) Date acquired Koha issues (times borrowed) Koha full call number Accession No. Koha date last seen Koha item type
        VIVEKANANDA LIBRARY VIVEKANANDA LIBRARY 07/01/2016   891.43274108 MK264K 339792 17/09/2023 Books
© Designed and Maintained by Vivekananda Library, MDU Rohtak